Social Enterprises in Slovakia and Ukraine: Focus on Finances
Historické pozadie existujúceho inštitucionálneho rámca a finančnej štruktúry sociálnych podnikov v oboch krajinách. Spôsoby, ako diverzifikovať počiatočný kapitál a financovať príležitosti, ktoré pomáhajú vytvárať sociálne podniky v oboch krajinách. Sociálne podniky sú Európskou komisiou považované...
Uložené v:
| Hlavný autor: | |
|---|---|
| Ďalší autori: | |
| Médium: | Kapitola |
| Jazyk: | English |
| Predmet: | |
| Tagy: |
Žiadne tagy, Buďte prvý, kto otaguje tento záznam!
|
MARC
| LEADER | 00000nla a2200000 4500 | ||
|---|---|---|---|
| 001 | 0216488 | ||
| 005 | 20240502073616.7 | ||
| 041 | 0 | |a eng | |
| 044 | |a SK | ||
| 245 | 1 | 0 | |a Social Enterprises in Slovakia and Ukraine: Focus on Finances |c Khrystyna Pavlyk, Jana Péliová |
| 520 | |a Historické pozadie existujúceho inštitucionálneho rámca a finančnej štruktúry sociálnych podnikov v oboch krajinách. Spôsoby, ako diverzifikovať počiatočný kapitál a financovať príležitosti, ktoré pomáhajú vytvárať sociálne podniky v oboch krajinách. Sociálne podniky sú Európskou komisiou považované za hlavnú hnaciu silu sociálnej inovácie a spoločenských zmien na makro i mikro úrovni. | ||
| 610 | 2 | 0 | |a podnik sociálny |
| 610 | 2 | 0 | |a podnikanie sociálne |
| 610 | 2 | 0 | |a formy podnikov |
| 610 | 2 | 0 | |a financovanie podnikov |
| 610 | 2 | 0 | |a formy financovania |
| 610 | 2 | 0 | |a inovácie sociálne |
| 610 | 2 | 0 | |a Ukrajina |
| 610 | 2 | 0 | |a Slovensko |
| 100 | 1 | |a Pavlyk, Khrystyna | |
| 700 | 1 | |a Péliová, Jana, 1976- | |